Reversible Words II Quiz Stats

 Plays Quiz Updated Aug 2, 2014

Support Sporcle.
Go Orange.
Score 0/25 Timer 03:00
3 Plays Today
% Correct
loots
94.2%
snug
94%
edit
93.4%
gums
93%
diva
91.5%
ward
91.4%
lived
91.3%
plug
88.9%
abut
88.7%
recap
88.1%
seep
87.5%
reknit
87%
remit
86.9%
% Correct
repel
85.3%
rail
85.1%
ergo
84.6%
leek
84.3%
slipup
83%
decal
82%
tang
78.7%
stink
76.2%
speed
75.7%
diaper
72.1%
faced
62.1%
denier
55.9%

You're not logged in!

Compare scores with friends on all Sporcle quizzes.
OR
Log In

From the Vault

Marvel vs. Capcom 2 Characters

by robbierobby

Comics, gaming, and Sporcle - together again for the first time.
Remove Ads.
Support Sporcle.
Get the best of Sporcle when you Go Orange. This ad-free experience offers more features, more stats, and more fun while also helping to support Sporcle. Thank you for becoming a member.

Show Comments

Extras

Top Quizzes Today


Score Distribution

Your Account Isn't Verified!

In order to create a playlist on Sporcle, you need to verify the email address you used during registration. Go to your Sporcle Settings to finish the process.

Report this User

Report this user for behavior that violates our Community Guidelines.

Details: